[Event "Skakligaen 2024-25"]
[Site "Denmark"]
[Date "2024.11.02"]
[Round "1.1"]
[White "Mikkelsen, Nikolaj"]
[Black "Hillarp Persson, Tiger"]
[Result "0-1"]
[WhiteElo "2477"]
[BlackElo "2455"]
[EventDate "2024.11.02"]
[EventType "team-tourn"]
[EventRounds "9"]
[EventCountry "DEN"]
[SourceTitle "Live v. Kasper Jerwiarz"]
[WhiteTeam "BMS"]
[BlackTeam "Bronshoj"]

1. e4 c5 2. Nf3 d6 3. Bb5+ Nd7 4. O-O a6 5. Bd3 Ngf6 6. c3 b5 7. Bc2 Bb7 8. Qe2 e6 9. d4 cxd4 10. cxd4 Be7 11. Re1 Rc8 12. Bd3 Nb6 13. b3 d5 14. e5 Ne4 15. Nfd2 O-O 16. Bb2 f5 17. exf6 Rxf6 18. f3 Nd6 19. Nf1 Nd7 20. Ne3 Qb6 21. Ng4 e5 22. Nxe5 Nxe5 23. Qxe5 Bf8 24. Nd2 Qa5 25. Nf1 Re8 26. Qg3 Rxe1 27. Qxe1 Qb6 28. Ne3 Re6 29. Qf2 b4 30. Re1 Nb5 31. Nc2 Nc3 32. a3 a5 33. axb4 axb4 34. Rxe6 Qxe6 35. Qe1 Qc6 36. Bc1 Ba6 37. Qf1 Bc8 38. Bd2 Bd6 39. Qe1 g6 40. g3 Kf7 41. Ne3 Be6 42. Kg2 Nb5 43. Qa1 Be7 44. Nc2 Bf5 45. Qf1 Bxd3 46. Qxd3 Qb6 47. Bf4 Na7 48. Be5 Qb5 49. Qe3 Nc6 50. Ne1 Qa6 51. Qd2 Qa3 52. Qc2 Na5 53. Qc7 Qb2+ 54. Nc2 Nc4 55. bxc4 Qxc2+ 56. Kg1 Qd1+ 57. Kf2 Qd2+ 58. Kf1 b3 59. Bd6 Qd3+ 60. Kg2 Qe2+ 61. Kh3 Qf1+ 62. Kg4 h5+ 63. Kf4 Qc1+ 64. Ke5 Qg5# 0-1

[Event "Skakligaen 2024-25"]
[Site "Denmark"]
[Date "2024.11.02"]
[Round "1.2"]
[White "Vasli, Aref"]
[Black "Kistrup, Nicolai"]
[Result "0-1"]
[WhiteElo "2410"]
[BlackElo "2420"]
[EventDate "2024.11.02"]
[EventType "team-tourn"]
[EventRounds "9"]
[EventCountry "DEN"]
[SourceTitle "Live v. Kasper Jerwiarz"]
[WhiteTeam "Bronshoj"]
[BlackTeam "BMS"]

1. Nf3 d5 2. g3 c5 3. Bg2 Nc6 4. d4 Nf6 5. O-O e6 6. c3 Be7 7. Nbd2 cxd4 8. Nxd4 Nxd4 9. cxd4 Qb6 10. Nf3 O-O 11. b3 Bd7 12. Ne5 Bb5 13. a4 Ba6 14. Bg5 Rfe8 15. Rb1 Qb4 16. f3 Nd7 17. Bxe7 Rxe7 18. Nxd7 Rxd7 19. Rc1 Rdd8 20. Rf2 Rac8 21. e3 Rc3 22. Qe1 Rxb3 23. Qxb4 Rxb4 24. Ra2 Bc4 25. Raa1 Rd6 26. Bf1 Rc6 27. Rcb1 a5 28. Rc1 Kf8 29. f4 Ke7 30. Kf2 Kd6 31. Kf3 Bxf1 32. Rxf1 Rcc4 33. Rfb1 Rxb1 34. Rxb1 Kc6 35. Ra1 b5 36. axb5+ Kxb5 37. g4 a4 38. f5 Kb4 39. Rb1+ Kc3 40. Rb7 exf5 41. gxf5 a3 42. Rxf7 a2 0-1

[Event "Skakligaen 2024-25"]
[Site "Denmark"]
[Date "2024.11.02"]
[Round "1.1"]
[White "Nielsen, Viktor Haarmark"]
[Black "Ochsner, Bjorn Moller"]
[Result "1-0"]
[WhiteElo "2343"]
[BlackElo "2512"]
[EventDate "2024.11.02"]
[EventType "team-tourn"]
[EventRounds "9"]
[EventCountry "DEN"]
[SourceTitle "Live v. Kasper Jerwiarz"]
[WhiteTeam "Obro"]
[BlackTeam "AarhusSkolerne"]

1. c4 e5 2. Nc3 Nf6 3. Nf3 Nc6 4. g3 Bb4 5. Nd5 a5 6. Bg2 O-O 7. O-O Re8 8. d3 h6 9. a3 Bc5 10. b3 d6 11. Bb2 Ba7 12. e3 Be6 13. Nd2 Bxd5 14. cxd5 Ne7 15. e4 h5 16. Nf3 Ng6 17. Rc1 Bb6 18. Bh3 h4 19. Qd2 Nh7 20. Kg2 Qf6 21. Bf5 Nhf8 22. d4 Rad8 23. Bc3 Ra8 24. Rfe1 Qe7 25. Rc2 Red8 26. Qc1 Re8 27. dxe5 Nxe5 28. Qd1 g6 29. Bh3 hxg3 30. hxg3 Nh7 31. Bb2 Nf6 32. Nd4 Ned7 33. Rce2 Nh7 34. Qd2 Ndf6 35. Nf3 Qf8 36. Ng5 Nxg5 37. Qxg5 Nh7 38. Qd2 Re7 39. Qc3 f6 40. Be6+ Kg7 41. f4 c6 42. g4 Rae8 43. Rh1 Rxe6 44. dxe6 Rxe6 45. Qh3 Qg8 46. Qh6+ Kh8 47. Kf1 Qg7 48. Reh2 1-0

[Event "Skakligaen 2024-25"]
[Site "Denmark"]
[Date "2024.11.02"]
[Round "1.1"]
[White "Hector, Jonny"]
[Black "Kanov, Nikola Krasimirov"]
[Result "1/2-1/2"]
[WhiteElo "2431"]
[BlackElo "2400"]
[EventDate "2024.11.02"]
[EventType "team-tourn"]
[EventRounds "9"]
[EventCountry "DEN"]
[SourceTitle "Live v. Kasper Jerwiarz"]
[WhiteTeam "Nordkalotten"]
[BlackTeam "Fredericia"]

1. e4 c5 2. Nf3 e6 3. d4 cxd4 4. Nxd4 Nc6 5. Nc3 Qc7 6. Be3 a6 7. Qf3 b5 8. Qg3 Bd6 9. f4 Nxd4 10. Bxd4 Ne7 11. e5 Bc5 12. Qd3 Bb7 13. Bxc5 Qxc5 14. O-O-O O-O-O 15. Ne4 Bxe4 16. Qxe4 d5 17. exd6 Nd5 18. Be2 Rxd6 19. Rd2 Rhd8 20. Rhd1 Nf6 21. Rxd6 Rxd6 22. Qa8+ Kc7 23. Rxd6 Qxd6 24. Qa7+ Kd8 25. g3 Nd7 26. a4 bxa4 27. Bxa6 a3 28. Bd3 axb2+ 29. Kxb2 g6 30. Kc1 Qb4 31. Kd1 Ke8 32. Qa6 Ke7 33. Ke2 Qd4 34. Kf1 Nc5 35. Qc4 Qe3 36. Qb4 Qf3+ 37. Kg1 Qe3+ 38. Kg2 h5 39. h4 Kf8 40. Qc3 Kg8 41. Qa3 Qd4 42. Qa8+ Kg7 43. Qf3 e5 44. fxe5 Qxe5 45. Bc4 f5 46. Qd5 Qe4+ 47. Qxe4 Nxe4 48. Bd5 Nc3 49. Bc6 f4 50. Bf3 fxg3 51. Kxg3 Kf6 52. Kf4 Nb5 53. c4 Nd4 54. Be4 Ne6+ 1/2-1/2

[Event "Skakligaen 2024-25"]
[Site "Denmark"]
[Date "2024.11.02"]
[Round "1.3"]
[White "Sylvan, Jacob"]
[Black "Chatalbashev, Boris"]
[Result "1/2-1/2"]
[WhiteElo "2329"]
[BlackElo "2476"]
[EventDate "2024.11.02"]
[EventType "team-tourn"]
[EventRounds "9"]
[EventCountry "DEN"]
[SourceTitle "Live v. Kasper Jerwiarz"]
[WhiteTeam "Nordkalotten"]
[BlackTeam "Fredericia"]

1. e4 g6 2. d4 Bg7 3. Nc3 d6 4. f4 a6 5. Nf3 b5 6. Bd3 Nd7 7. a4 b4 8. Ne2 c5 9. c3 Bb7 10. cxb4 cxb4 11. Qb3 Ngf6 12. Ng3 a5 13. f5 O-O 14. O-O Qb6 15. Kh1 d5 16. e5 Ne4 17. Bxe4 dxe4 18. Ng5 Qxd4 19. fxg6 Nxe5 20. Nf5 Qd3 21. gxf7+ Kh8 22. Qxd3 exd3 23. Nxg7 Kxg7 24. Ne6+ Kg6 25. Nxf8+ Rxf8 26. Be3 Nc4 27. Ba7 d2 28. b3 Nb2 29. Bd4 d1=Q 30. Raxd1 Nxd1 31. Rxd1 Rxf7 32. Kg1 Be4 33. Rf1 Rxf1+ 34. Kxf1 Bc2 35. Bb6 Bxb3 36. Bxa5 Bxa4 1/2-1/2

[Event "Skakligaen 2024-25"]
[Site "Denmark"]
[Date "2024.11.02"]
[Round "1.1"]
[White "Thybo, Jesper Sondergaard"]
[Black "Sloth, Jorn"]
[Result "1-0"]
[WhiteElo "2549"]
[BlackElo "2295"]
[EventDate "2024.11.02"]
[EventType "team-tourn"]
[EventRounds "9"]
[EventCountry "DEN"]
[SourceTitle "Live v. Kasper Jerwiarz"]
[WhiteTeam "Hillerod"]
[BlackTeam "Nordre"]

1. Nf3 Nf6 2. g3 b6 3. d4 Bb7 4. c4 Bxf3 5. exf3 e6 6. Bg2 Bb4+ 7. Nc3 Nc6 8. O-O Bxc3 9. bxc3 Na5 10. Qe2 O-O 11. Ba3 Re8 12. Bb4 Nc6 13. f4 d5 14. a4 Qd7 15. a5 Rab8 16. Rfd1 b5 17. cxd5 exd5 18. Qd3 a6 19. Re1 Rbd8 20. Rac1 Ne7 21. Qf1 Nc8 22. Bh3 Qc6 23. Re5 Ne4 24. Rc2 Ncd6 25. f3 Nf6 26. Rce2 Nc4 27. Re7 Nd6 28. Qe1 Rf8 29. Kg2 Kh8 30. g4 Ng8 31. R7e5 f6 32. Re6 Qd7 33. f5 g5 34. fxg6 hxg6 35. Re7 Nxe7 36. Rxe7 1-0

[Event "Skakligaen 2024-25"]
[Site "Denmark"]
[Date "2024.11.02"]
[Round "1.2"]
[White "Andersen, Thomas Klitgaard"]
[Black "Hansen, Sune Berg"]
[Result "0-1"]
[WhiteElo "2183"]
[BlackElo "2511"]
[EventDate "2024.11.02"]
[EventType "team-tourn"]
[EventRounds "9"]
[EventCountry "DEN"]
[SourceTitle "Live v. Kasper Jerwiarz"]
[WhiteTeam "Nordre"]
[BlackTeam "Hillerod"]

1. Nf3 c5 2. c4 Nf6 3. Nc3 e6 4. g3 b6 5. Bg2 Bb7 6. O-O Be7 7. b3 O-O 8. d4 cxd4 9. Qxd4 d6 10. e4 Nbd7 11. Rd1 Qc8 12. Bb2 a6 13. Rac1 Re8 14. h3 Bf8 15. Re1 Qc7 16. Qd3 Rad8 17. Qf1 Qb8 18. Rcd1 Qa8 19. Nd2 h6 20. Kh2 Qb8 21. f4 Bc6 22. Nf3 Qc7 23. Rc1 Bb7 24. Nd4 Nc5 25. Qe2 Qb8 26. Rcd1 Qa8 27. e5 dxe5 28. fxe5 Nh7 29. h4 Nd7 30. Bxb7 Qxb7 31. Qf3 Qc7 32. Qe4 Rc8 33. Re2 Bb4 34. Rc1 Nhf8 35. a3 Bxc3 36. Bxc3 Ng6 37. Nf3 Nc5 38. Qc2 Red8 39. h5 Nf8 40. Rd1 Rxd1 41. Qxd1 Qb7 42. Nd4 Nh7 43. Qh1 Qc7 44. Re3 Ng5 45. Qg2 Rd8 46. Nc6 Rd1 47. b4 Nce4 48. b5 Nxc3 49. Rxc3 Qd7 50. Rc2 axb5 51. cxb5 Qd3 52. Ne7+ Kh7 53. Rf2 Ne4 54. Rb2 Nxg3 55. Qa8 Nf1+ 56. Kg2 Qg3+ 0-1

[Event "Skakligaen 2024-25"]
[Site "Denmark"]
[Date "2024.11.02"]
[Round "1.3"]
[White "Schandorff, Lars"]
[Black "Abildlund, Jens"]
[Result "1/2-1/2"]
[WhiteElo "2471"]
[BlackElo "2181"]
[EventDate "2024.11.02"]
[EventType "team-tourn"]
[EventRounds "9"]
[EventCountry "DEN"]
[SourceTitle "Live v. Kasper Jerwiarz"]
[WhiteTeam "Hillerod"]
[BlackTeam "Nordre"]

1. d4 d5 2. Nf3 Nf6 3. e3 e6 4. Bd3 c5 5. c3 Nc6 6. O-O Bd6 7. Nbd2 O-O 8. dxc5 Bxc5 9. b4 Bd6 10. Bb2 b6 11. a3 Bb7 12. c4 Rc8 13. Qe2 Qe7 14. Rfd1 Rfd8 15. Rac1 Bb8 16. cxd5 Nxd5 17. Nb3 f6 18. Ba6 Qf7 19. g3 Ne5 20. Bxb7 Qxb7 21. e4 Nxf3+ 22. Qxf3 Ne7 23. Qg4 Kf7 24. Nd4 Rd6 25. e5 Rxc1 26. Rxc1 fxe5 27. Nf3 Rc6 28. Re1 Nf5 29. Qh5+ Kf8 30. Qxh7 Rc2 31. Qh8+ Ke7 32. Nh4 Kf6 33. Qd8+ Kf7 34. Rd1 Nd4 35. Bxd4 exd4 36. Qxd4 Qc6 37. Qd3 Be5 38. Nf3 Bf6 39. Kg2 Rc3 40. Qd7+ Kg6 41. Qxc6 Rxc6 42. Rd3 a5 43. bxa5 bxa5 44. Nd2 a4 45. Kf3 Bb2 46. Ke4 Rc2 47. f4 Bxa3 48. Rxa3 Rxd2 49. h4 Kh5 50. Rxa4 Kg4 51. Ra7 Kxg3 52. Rxg7+ Kxh4 53. Rg6 Rd6 54. Ke5 Ra6 55. Rxe6 Ra5+ 56. Ke4 Ra4+ 57. Kf5 Ra5+ 58. Re5 Ra6 59. Rd5 Rb6 60. Ke4 Rb4+ 61. Kf5 Rb6 62. Re5 Ra6 63. Re6 Ra5+ 64. Kg6 Kg4 65. Rf6 Ra8 66. f5 Rg8+ 67. Kh6 Kf4 68. Rf7 Ke5 69. f6 Kf5 70. Kh7 Rg6 1/2-1/2

[Event "Skakligaen 2024-25"]
[Site "Denmark"]
[Date "2024.11.02"]
[Round "1.1"]
[White "Andersen, Mads"]
[Black "Rozentalis, Eduardas"]
[Result "1/2-1/2"]
[WhiteElo "2595"]
[BlackElo "2489"]
[EventDate "2024.11.02"]
[EventType "team-tourn"]
[EventRounds "9"]
[EventCountry "DEN"]
[SourceTitle "Live v. Kasper Jerwiarz"]
[WhiteTeam "Skanderborg"]
[BlackTeam "Koge"]

1. e4 e5 2. Nf3 Nc6 3. Bb5 a6 4. Ba4 Nge7 5. c3 Ng6 6. d4 exd4 7. Nxd4 Be7 8. O-O O-O 9. f4 b5 10. Nxc6 dxc6 11. Bc2 Qxd1 12. Bxd1 c5 13. Be3 Bb7 14. Nd2 f6 15. a4 Bd6 16. g3 Rfe8 17. Bf3 Nf8 18. Kf2 Nd7 19. axb5 axb5 20. e5 Bxf3 21. exd6 Bb7 22. dxc7 Rac8 23. Ra7 Rxc7 24. Nb3 Rec8 25. Rd1 Ra8 26. Rda1 Rac8 27. Rd1 Ra8 28. Rda1 Rac8 29. R1a5 Bd5 30. Rxc7 Rxc7 31. Nc1 Bc6 32. Nd3 Bd5 33. Nc1 Bc6 34. Ra6 Kf7 35. Nd3 Bd5 36. Ra5 Bc4 37. Nc1 Rb7 38. g4 g6 39. h3 Be6 40. Nd3 Bc4 41. Nxc5 Nxc5 42. Bxc5 Rd7 43. Bd4 Re7 44. b3 Bxb3 45. Rxb5 Bc4 46. Rc5 Bd3 47. Kg3 Re1 48. Kh4 h6 49. Rc7+ Re7 50. Rc8 Re2 51. Rc7+ Re7 52. Rc6 Re6 53. Rc5 Re1 54. Kg3 f5 55. Rc7+ Re7 56. Rc8 Re8 57. Rc7+ Re7 58. Rc8 Re8 59. Rc5 Re2 60. Kh4 fxg4 61. hxg4 h5 62. Rc7+ Ke6 63. gxh5 Rh2+ 64. Kg3 Rxh5 65. c4 Kd6 66. Rg7 Bxc4 67. Rxg6+ Ke7 68. Rg7+ Ke6 69. Rc7 Bd3 70. Rc6+ 1/2-1/2

[Event "Skakligaen 2024-25"]
[Site "Denmark"]
[Date "2024.11.02"]
[Round "1.2"]
[White "Pantzar, Milton"]
[Black "Olsen, Filip Boe"]
[Result "1/2-1/2"]
[WhiteElo "2453"]
[BlackElo "2470"]
[EventDate "2024.11.02"]
[EventType "team-tourn"]
[EventRounds "9"]
[EventCountry "DEN"]
[SourceTitle "Live v. Kasper Jerwiarz"]
[WhiteTeam "Koge"]
[BlackTeam "Skanderborg"]

1. d4 d5 2. c4 e6 3. Nc3 Nf6 4. cxd5 exd5 5. Bg5 Be7 6. e3 h6 7. Bh4 Bg4 8. Be2 Bxe2 9. Ngxe2 Nbd7 10. O-O O-O 11. a4 c6 12. Qb3 Qb6 13. Qc2 Rfe8 14. a5 Qd8 15. h3 Nh5 16. Bxe7 Qxe7 17. b4 a6 18. Na4 g6 19. Nc5 Rab8 20. Rae1 Ng7 21. Nf4 Nf5 22. g4 Ng7 23. f3 Nxc5 24. bxc5 Ne6 25. Nd3 Qc7 26. Ne5 Nf8 27. Qd2 f6 28. Nd3 Qg3+ 29. Qg2 Qc7 30. Qd2 Qg3+ 31. Qg2 Qc7 32. Qd2 1/2-1/2

[Event "Skakligaen 2024-25"]
[Site "Denmark"]
[Date "2024.11.02"]
[Round "1.3"]
[White "Pajeken, Jakob Leon"]
[Black "Smith, Axel"]
[Result "1-0"]
[WhiteElo "2417"]
[BlackElo "2433"]
[EventDate "2024.11.02"]
[EventType "team-tourn"]
[EventRounds "9"]
[EventCountry "DEN"]
[SourceTitle "Live v. Kasper Jerwiarz"]
[WhiteTeam "Skanderborg"]
[BlackTeam "Koge"]

1. e4 c5 2. Nf3 g6 3. c3 d5 4. e5 Nc6 5. Bb5 Bg4 6. O-O Qb6 7. Bxc6+ bxc6 8. d3 Bg7 9. Re1 Nh6 10. Nbd2 O-O 11. h3 Bxf3 12. Nxf3 f6 13. Qc2 Nf7 14. exf6 exf6 15. Be3 Ne5 16. Nd2 Qa6 17. c4 Rfd8 18. Bxc5 dxc4 19. d4 Nd3 20. Re6 Rd5 21. Nxc4 Nxc5 22. dxc5 Rxc5 23. b3 Rd8 24. Rae1 Qc8 25. Re7 a5 26. Qe2 Bf8 27. Ra7 Qf5 28. g4 Qd5 29. Qe6+ Qxe6 30. Rxe6 f5 31. Kg2 fxg4 32. hxg4 Rg5 33. Ne5 Bc5 34. Rxa5 Bb6 35. Ra6 Bc7 36. f4 Bxe5 37. fxg5 Bf4 38. Ra5 Bc7 39. Ra4 Rd2+ 40. Kf3 Bd8 41. Ra7 Kf8 42. Rxc6 Bxg5 43. Rc8+ Bd8 44. Raa8 Ke7 45. Rxd8 Rxd8 46. Rxd8 Kxd8 47. g5 Ke7 48. a4 Kd6 49. a5 h5 50. gxh6 1-0

[Event "Skakligaen 2024-25"]
[Site "?"]
[Date "2024.11.03"]
[Round "2.1"]
[White "Rozentalis, Eduardas"]
[Black "Grandelius, Nils"]
[Result "0-1"]
[WhiteElo "2489"]
[BlackElo "2645"]
[EventDate "2024.11.02"]
[EventType "team-tourn"]
[EventRounds "9"]
[EventCountry "DEN"]
[SourceTitle "Live v. Kasper Jerwiarz"]
[WhiteTeam "Koge"]
[BlackTeam "Hillerod"]

1. e4 c5 2. Nf3 d6 3. Bb5+ Nd7 4. d4 cxd4 5. Qxd4 a6 6. Bxd7+ Bxd7 7. c4 Nf6 8. Nc3 g6 9. Bg5 Bg7 10. Nd5 O-O 11. Bxf6 exf6 12. O-O f5 13. e5 dxe5 14. Nxe5 Bc6 15. Rad1 Re8 16. Rfe1 Bxd5 17. cxd5 Qd6 18. f4 Re7 19. Re3 Rae8 20. Rde1 Rd8 21. Rd1 Rde8 22. Rde1 Rd8 23. Rd1 h5 24. h4 Rde8 25. Rde1 Rd8 26. Rd1 Rc8 27. Re2 Rce8 28. Rde1 Rd8 29. Rd1 f6 30. Nc4 Qxd5 31. Qxd5+ Rxd5 32. Rxd5 Rxe2 33. Nd2 Bf8 34. Kf1 Re6 35. Kf2 Rc6 36. Nb3 Rc2+ 37. Rd2 Rxd2+ 38. Nxd2 Kf7 39. Ke2 Ke6 40. Kd3 Bd6 41. g3 Bc5 42. Nf1 Kd5 43. b3 Bb6 44. Nd2 Bf2 45. Nf1 Kc5 46. Kc3 a5 47. Kd3 Kb4 48. Kc2 Ka3 49. Kb1 a4 50. bxa4 Kxa4 51. Kb2 Kb4 52. Kc2 Ka3 53. Kb1 b5 54. Ka1 b4 55. Kb1 b3 0-1

[Event "Skakligaen 2024-25"]
[Site "?"]
[Date "2024.11.03"]
[Round "2.3"]
[White "Smith, Axel"]
[Black "Hansen, Sune Berg"]
[Result "1/2-1/2"]
[WhiteElo "2433"]
[BlackElo "2511"]
[EventDate "2024.11.02"]
[EventType "team-tourn"]
[EventRounds "9"]
[EventCountry "DEN"]
[SourceTitle "Live v. Kasper Jerwiarz"]
[WhiteTeam "Koge"]
[BlackTeam "Hillerod"]

1. c4 e5 2. e3 d6 3. d4 Nd7 4. Nc3 g6 5. g3 Bg7 6. Bg2 Ngf6 7. Nf3 O-O 8. O-O Re8 9. b4 exd4 10. exd4 Nb6 11. c5 dxc5 12. bxc5 Nbd5 13. Nxd5 Nxd5 14. Qb3 Be6 15. Qxb7 Rb8 16. Qxa7 Ra8 17. Qb7 Rb8 18. Qa7 Ra8 19. Qb7 Rb8 20. Qa6 Nb4 21. Qa4 Bd7 22. Qb3 Be6 23. Qa4 Bd7 24. Qb3 Be6 25. Qc3 Nxa2 26. Qd2 Nxc1 27. Raxc1 Bd5 28. Rfd1 Rb3 29. Rc3 Rxc3 30. Qxc3 Qa8 31. Ra1 Qd8 32. Re1 Rxe1+ 33. Qxe1 Bxf3 34. Bxf3 Bxd4 35. c6 Qf6 36. Kg2 h5 37. h4 Kg7 38. Qd2 Bb6 1/2-1/2

[Event "Skakligaen 2024-25"]
[Site "?"]
[Date "2024.11.03"]
[Round "2.4"]
[White "Schandorff, Lars"]
[Black "Meskenas, Paulius"]
[Result "1-0"]
[WhiteElo "2471"]
[BlackElo "2264"]
[EventDate "2024.11.02"]
[EventType "team-tourn"]
[EventRounds "9"]
[EventCountry "DEN"]
[SourceTitle "Live v. Kasper Jerwiarz"]
[WhiteTeam "Hillerod"]
[BlackTeam "Koge"]

1. d4 Nf6 2. Nf3 d5 3. e3 e6 4. Bd3 Bd6 5. Nbd2 c5 6. dxc5 Bxc5 7. O-O Nc6 8. a3 a5 9. b3 O-O 10. Bb2 Nd7 11. c4 f5 12. cxd5 exd5 13. Qc2 g6 14. Rac1 Be7 15. Bb5 Ndb8 16. Rfd1 Qb6 17. Be2 Na6 18. Nc4 Qc5 19. Rxd5 Qxd5 20. Nb6 Qd8 21. Bc4+ Rf7 22. Qc3 Bf6 23. Qxf6 Qxf6 24. Bxf6 Kf8 25. Bxf7 Kxf7 26. Be5 1-0

[Event "Skakligaen 2024-25"]
[Site "?"]
[Date "2024.11.03"]
[Round "2.1"]
[White "Ochsner, Bjorn Moller"]
[Black "Mikkelsen, Nikolaj"]
[Result "1-0"]
[WhiteElo "2512"]
[BlackElo "2477"]
[EventDate "2024.11.02"]
[EventType "team-tourn"]
[EventRounds "9"]
[EventCountry "DEN"]
[SourceTitle "Live v. Kasper Jerwiarz"]
[WhiteTeam "AarhusSkolerne"]
[BlackTeam "BMS"]

1. e4 e5 2. Nf3 Nc6 3. Bb5 a6 4. Ba4 Nf6 5. O-O d6 6. Re1 Bd7 7. c3 g6 8. d4 Bg7 9. h3 O-O 10. Bc2 Nh5 11. a4 Qe8 12. a5 Kh8 13. Ra3 f5 14. d5 Nd8 15. c4 f4 16. Ba4 Nf7 17. Bxd7 Qxd7 18. Rc3 Nf6 19. c5 Rg8 20. cxd6 cxd6 21. Nbd2 Raf8 22. Qc2 Ne8 23. Nc4 Qe7 24. Nb6 h5 25. Qa4 Nd8 26. Bd2 Rf7 27. Rec1 Bf6 28. Nh2 Rgg7 29. Rc8 g5 30. Rb8 Nc7 31. Bb4 Nb5 32. Rxd8+ Qxd8 33. Rc8 Rc7 34. Rxd8+ Bxd8 35. Qd1 Rh7 36. b3 Rcg7 37. Nc4 Rg6 38. Qa1 Bc7 39. Nf3 Re7 40. Nfxe5 Rxe5 41. Bxd6 1-0

[Event "Skakligaen 2024-25"]
[Site "?"]
[Date "2024.11.03"]
[Round "2.2"]
[White "Kistrup, Nicolai"]
[Black "Rasmussen, Karsten"]
[Result "0-1"]
[WhiteElo "2420"]
[BlackElo "2391"]
[EventDate "2024.11.02"]
[EventType "team-tourn"]
[EventRounds "9"]
[EventCountry "DEN"]
[SourceTitle "Live v. Kasper Jerwiarz"]
[WhiteTeam "BMS"]
[BlackTeam "AarhusSkolerne"]

1. e4 c6 2. d4 d5 3. e5 Bf5 4. Nf3 e6 5. Be2 Nd7 6. O-O Ne7 7. c3 c5 8. dxc5 Nc6 9. b4 Ndxe5 10. Nd4 Be7 11. Nxf5 exf5 12. Qc2 Qd7 13. Rd1 O-O 14. Nd2 Bf6 15. Nb3 a5 16. b5 Ne7 17. a4 Rfe8 18. Be3 N7g6 19. Bd4 f4 20. f3 Nh4 21. Bf2 Nf5 22. c4 d4 23. Nxd4 Nxd4 24. Bxd4 Nxf3+ 25. Bxf3 Bxd4+ 26. Kf1 Rad8 27. Ra3 Qe7 28. Rad3 Bxc5 29. Rxd8 Rxd8 30. Rxd8+ Qxd8 31. Bxb7 Qd4 32. Bf3 Qg1+ 33. Ke2 Qf2+ 34. Kd1 Qf1+ 35. Kd2 Bb4+ 0-1

[Event "Skakligaen 2024-25"]
[Site "?"]
[Date "2024.11.03"]
[Round "2.1"]
[White "Sloth, Jorn"]
[Black "Hector, Jonny"]
[Result "0-1"]
[WhiteElo "2295"]
[BlackElo "2431"]
[EventDate "2024.11.02"]
[EventType "team-tourn"]
[EventRounds "9"]
[EventCountry "DEN"]
[SourceTitle "Live v. Kasper Jerwiarz"]
[WhiteTeam "Nordre"]
[BlackTeam "Nordkalotten"]

1. Nf3 d5 2. e3 Nc6 3. Bb5 e6 4. O-O Bd6 5. d4 Nge7 6. b3 a6 7. Be2 e5 8. dxe5 Nxe5 9. Bb2 f6 10. c4 Be6 11. Nd4 Bf7 12. cxd5 Nxd5 13. Nf5 Bf8 14. Nc3 Qd7 15. Nxd5 Bxd5 16. Qc2 g6 17. Ng3 Qc6 18. Qxc6+ Bxc6 19. Rfd1 Bd6 20. Rac1 Rf8 21. Bd4 Ke7 22. f3 f5 23. Bc5 Rfd8 24. Bxd6+ Rxd6 25. Rxd6 Kxd6 26. Kf2 Bb5 27. f4 Nc6 28. e4 Bxe2 29. Kxe2 Nd4+ 30. Kd3 Ne6 31. Ke3 fxe4 32. Nxe4+ Ke7 33. Nc5 Nxc5 34. Rxc5 c6 35. Ke4 Rd8 36. Rc2 Rd1 37. g4 Rg1 38. Kf3 Rf1+ 39. Ke4 Ke6 40. Re2 c5 41. Rc2 b6 42. b4 Re1+ 43. Kf3 Kd5 44. bxc5 bxc5 45. Rd2+ Kc6 46. Rc2 a5 47. f5 gxf5 48. gxf5 Kd5 49. Kf4 Rf1+ 50. Kg5 c4 51. Kf6 Rf3 52. h4 c3 53. Ke7 Re3+ 54. Kf7 Kd4 55. f6 Kd3 56. Rxc3+ Kxc3 57. Kg7 h5 58. f7 Rg3+ 59. Kh7 Rf3 60. Kg7 a4 61. f8=Q Rxf8 62. Kxf8 a3 63. Kg7 Kb2 64. Kg6 Kxa2 65. Kxh5 Kb3 0-1

[Event "Skakligaen 2024-25"]
[Site "?"]
[Date "2024.11.03"]
[Round "2.1"]
[White "Hillarp Persson, Tiger"]
[Black "Andersen, Mads"]
[Result "1/2-1/2"]
[WhiteElo "2455"]
[BlackElo "2595"]
[EventDate "2024.11.02"]
[EventType "team-tourn"]
[EventRounds "9"]
[EventCountry "DEN"]
[SourceTitle "Live v. Kasper Jerwiarz"]
[WhiteTeam "Bronshoj"]
[BlackTeam "Skanderborg"]

1. Nf3 d5 2. g3 c5 3. Bg2 Nc6 4. d4 e6 5. O-O cxd4 6. Nxd4 Bc5 7. Nxc6 bxc6 8. c4 Nf6 9. Qc2 Qe7 10. Nc3 O-O 11. b3 Ba6 12. Na4 Bd6 13. Rd1 Rac8 14. Bb2 e5 15. e3 Rfd8 16. Rac1 h6 17. h3 Ba3 18. Bxa3 Qxa3 19. Qc3 dxc4 20. Qxe5 cxb3 21. axb3 Rxd1+ 22. Rxd1 Qxb3 23. Ra1 Bc4 24. Qd4 Qc2 25. Nc5 Rb8 26. e4 Rb1+ 27. Rxb1 Qxb1+ 28. Kh2 Bf1 29. Bf3 Qb6 30. e5 Nd7 31. Qxd7 Qxc5 32. Qe8+ Qf8 33. Qxc6 Qe7 34. Bd5 Bd3 35. e6 Bg6 36. Qd7 Kf8 37. Qc8+ Qe8 38. e7+ Kxe7 39. Qc5+ Kd8 40. Qxa7 Qd7 41. Qc5 Qe7 42. Qb6+ Qc7 43. Qb4 Ke8 44. Bb3 Bf5 45. h4 Be6 46. Bxe6 1/2-1/2

[Event "Skakligaen 2024-25"]
[Site "?"]
[Date "2024.11.03"]
[Round "2.2"]
[White "Olsen, Filip Boe"]
[Black "Vasli, Aref"]
[Result "1-0"]
[WhiteElo "2470"]
[BlackElo "2410"]
[EventDate "2024.11.02"]
[EventType "team-tourn"]
[EventRounds "9"]
[EventCountry "DEN"]
[SourceTitle "Live v. Kasper Jerwiarz"]
[WhiteTeam "Skanderborg"]
[BlackTeam "Bronshoj"]

1. d4 Nf6 2. c4 e6 3. Nc3 c5 4. d5 exd5 5. cxd5 d6 6. e4 g6 7. f4 Bg7 8. Bb5+ Nfd7 9. a4 O-O 10. Nf3 Na6 11. O-O Nb4 12. h3 a6 13. Bc4 Nb6 14. Be2 a5 15. Be3 Re8 16. Bf2 Nd7 17. Bb5 Rf8 18. Qd2 Qc7 19. b3 c4 20. Bxc4 Nb6 21. Nb5 Nxc4 22. bxc4 Qxc4 23. Nxd6 Qa6 24. e5 Bd7 25. Ra3 f6 26. Ne4 fxe5 27. Nc5 Qd6 28. fxe5 Qc7 29. e6 Be8 30. d6 Qc6 31. d7 Nd5 32. Rd3 Bxd7 33. Rxd5 1-0

[Event "Skakligaen 2024-25"]
[Site "?"]
[Date "2024.11.03"]
[Round "2.3"]
[White "Falkesgaard, Jeppe Hald"]
[Black "Pajeken, Jakob Leon"]
[Result "0-1"]
[WhiteElo "2266"]
[BlackElo "2417"]
[EventDate "2024.11.02"]
[EventType "team-tourn"]
[EventRounds "9"]
[EventCountry "DEN"]
[SourceTitle "Live v. Kasper Jerwiarz"]
[WhiteTeam "Bronshoj"]
[BlackTeam "Skanderborg"]

1. c4 e5 2. g3 Nf6 3. Bg2 Bc5 4. Nc3 O-O 5. e3 Nc6 6. Nge2 d5 7. cxd5 Nb4 8. d4 exd4 9. exd4 Be7 10. O-O Nbxd5 11. Nf4 Nxf4 12. Bxf4 Bd6 13. Bxd6 Qxd6 14. d5 a6 15. Rc1 Bf5 16. Qb3 Rfe8 17. Rfe1 b5 18. a4 b4 19. Ne2 Be4 20. Nf4 Bxg2 21. Rxe8+ Rxe8 22. Kxg2 g5 23. Nh3 h6 24. Rc6 Qxd5+ 25. Qxd5 Nxd5 26. Rxa6 Re2 27. Ra5 c6 28. Rc5 Rxb2 29. Rxc6 g4 30. Ng1 Ne3+ 31. Kh1 Rxf2 32. Rxh6 b3 33. h3 Nf5 34. hxg4 Nxg3# 0-1

[Event "Skakligaen 2024-25"]
[Site "?"]
[Date "2024.11.03"]
[Round "2.4"]
[White "Licznerski, Lukasz"]
[Black "Aabling Thomsen, Jakob"]
[Result "1-0"]
[WhiteElo "2422"]
[BlackElo "2331"]
[EventDate "2024.11.02"]
[EventType "team-tourn"]
[EventRounds "9"]
[EventCountry "DEN"]
[SourceTitle "Live v. Kasper Jerwiarz"]
[WhiteTeam "Skanderborg"]
[BlackTeam "Bronshoj"]

1. e4 c5 2. Nf3 g6 3. d4 cxd4 4. Nxd4 Nc6 5. c4 Bg7 6. Be3 Nf6 7. Nc3 O-O 8. Be2 Nxd4 9. Bxd4 d6 10. O-O Bd7 11. h3 Bc6 12. Qc2 a5 13. Rad1 Qc7 14. Rfe1 Nd7 15. Bxg7 Kxg7 16. Bf1 Kg8 17. Nd5 Bxd5 18. exd5 b5 19. Rxe7 Rfe8 20. Qe4 Rxe7 21. Qxe7 bxc4 22. Rc1 Ra7 23. Rxc4 Qb8 24. Rc6 Ne5 25. Rc8+ Qxc8 26. Qxa7 Qd8 27. Qa6 Qc7 28. a3 Qc5 29. Qb5 Qd4 30. Qxa5 Qxb2 31. Qd8+ Kg7 32. Qxd6 Qa1 33. Qb4 Nd3 34. Qd2 Nc5 35. d6 Nd7 36. Qb4 Qe5 37. a4 Nc5 38. Qd2 Ne4 39. Qe3 Qd5 40. d7 Nf6 41. Qd3 Qxd7 42. Qxd7 Nxd7 43. a5 Kf6 44. a6 Ke7 45. a7 Nb6 46. Ba6 Kd7 47. Bb7 1-0